Odae [de Ottavio Cagnacci] /

Bewaard in:
Bibliografische gegevens
Hoofdauteur: Cagnacci, Ottavio (autor)
Formaat: Boek
Taal:Italiaans
Onderwerpen:
Tags: Voeg label toe
Geen labels, Wees de eerste die dit record labelt!

MARC

LEADER 00000nam^a2200000^a^4500
001 000385476
005 20250526000000.0
009 20260310120933.888
037 |a Acervo Xavier Clavigero 
041 |a ITA 
082 |a 851.  |b CAG 
100 |a Cagnacci, Ottavio  |e (autor) 
245 1 0 |a Odae [de Ottavio Cagnacci] /  |c O. Cagnacci. 
264 |a Venecia, Italia :  |b Aemiliana,  |c 1894 
300 |a 82 p. ;  |c 22.5 cm. 
336 |a texto  |b txt  |2 rdacontenido 
337 |a sin mediación  |b n  |2 rdamedio 
338 |a volumen  |b nc  |2 rdasoporte 
501 |a Encuadernación particular 
561 |a Ex libris de Bibl. Domus San Cayetano 
562 |a Falta cubierta 
649 |a XX 
650 |a Oda -  |z Italia 
650 |a Poesía Religiosa -  |z Italia 
650 |a Poesía Italiana 
650 |a Literatura Italiana -  |y Siglo XIX 
650 |a Literatura Religiosa -  |z Italia 
910 |a Fondo General 
920 |a Impresos - Libros 
930 |a Libros Antiguos y Raros 
940 |a Literatura 
905 |a 108 
901 |a 0500280357  |b IT2  |c LRA  |u 20250526 
902 |a https://opac.biblio.iteso.mx/vufind/Record/000385476